<?xml version="1.0" encoding="UTF-8"?>
<collection xmlns="http://www.loc.gov/MARC21/slim">
 <record>
  <leader>01155pam a22002538a 4500</leader>
  <controlfield tag="001">00045186</controlfield>
  <controlfield tag="005">20191107101153.0</controlfield>
  <controlfield tag="008">150423s2013                  ||||||Viesd</controlfield>
  <datafield tag="020" ind1="#" ind2="#">
   <subfield code="c">40000</subfield>
   <subfield code="a">9786045458129</subfield>
  </datafield>
  <datafield tag="041" ind1="0" ind2="#">
   <subfield code="a">Vie</subfield>
  </datafield>
  <datafield tag="082" ind1="1" ind2="4">
   <subfield code="b">H561D</subfield>
   <subfield code="a">372.83</subfield>
  </datafield>
  <datafield tag="100" ind1="#" ind2="#">
   <subfield code="a">Nguyễn, Thị Vân Hương</subfield>
  </datafield>
  <datafield tag="245" ind1="0" ind2="0">
   <subfield code="a">Hướng dẫn dạy học môn Đạo đức lớp 1 theo Chương trình giáo dục phổ thông mới</subfield>
   <subfield code="c">Nguyễn Thị Vân Hương</subfield>
  </datafield>
  <datafield tag="260" ind1="#" ind2="#">
   <subfield code="a">Hà Nội</subfield>
   <subfield code="b">Đại học sư phạm</subfield>
   <subfield code="c">2019</subfield>
  </datafield>
  <datafield tag="300" ind1="#" ind2="#">
   <subfield code="a">84 tr.</subfield>
   <subfield code="c">24 cm.</subfield>
  </datafield>
  <datafield tag="653" ind1="#" ind2="#">
   <subfield code="a">Chương trình</subfield>
  </datafield>
  <datafield tag="653" ind1="#" ind2="#">
   <subfield code="a">Đạo đức</subfield>
  </datafield>
  <datafield tag="653" ind1="#" ind2="#">
   <subfield code="a">Giáo dục phổ thông mới</subfield>
  </datafield>
  <datafield tag="653" ind1="#" ind2="#">
   <subfield code="a">Giáo dục tiểu học</subfield>
  </datafield>
  <datafield tag="653" ind1="#" ind2="#">
   <subfield code="a">Giáo án</subfield>
  </datafield>
  <datafield tag="653" ind1="#" ind2="#">
   <subfield code="a">Lớp 1</subfield>
  </datafield>
  <datafield tag="852" ind1="#" ind2="#">
   <subfield code="j">KGT.0059682</subfield>
   <subfield code="j">KD.0026649</subfield>
   <subfield code="j">KGT.0058810</subfield>
   <subfield code="j">KGT.0058811</subfield>
   <subfield code="j">KGT.0058812</subfield>
   <subfield code="j">KGT.0058813</subfield>
   <subfield code="j">KGT.0058814</subfield>
   <subfield code="j">KGT.0058815</subfield>
   <subfield code="j">KGT.0058816</subfield>
   <subfield code="j">KGT.0058817</subfield>
   <subfield code="j">KGT.0058818</subfield>
   <subfield code="j">KGT.0058819</subfield>
   <subfield code="j">KGT.0058820</subfield>
   <subfield code="j">KGT.0058821</subfield>
   <subfield code="j">KGT.0058822</subfield>
   <subfield code="j">KGT.0058823</subfield>
   <subfield code="j">KGT.0058824</subfield>
   <subfield code="j">KGT.0058825</subfield>
   <subfield code="j">KGT.0059683</subfield>
   <subfield code="j">KGT.0059684</subfield>
  </datafield>
  <datafield tag="910" ind1="#" ind2="#">
   <subfield code="d">7/11/2019</subfield>
  </datafield>
  <datafield tag="980" ind1="#" ind2="#">
   <subfield code="a">Trung tâm Học liệu Lê Vũ Hùng, Trường Đại học Đồng Tháp</subfield>
  </datafield>
 </record>
</collection>
